[Event "Nordic Ch 8.Vesterhav"]
[Site "Esbjerg"]
[Date "1983.07.23"]
[Round "5"]
[White "Ziska, Andrias"]
[Black "Schneider, Lars Ake"]
[Result "0-1"]
[WhiteElo "2200"]
[BlackElo "2445"]
[PlyCount "110"]
[EventDate "1983.??.??"]
[EventCountry "DEN"]

1. e4 c5 2. Nf3 Nc6 3. d4 cxd4 4. Nxd4 Nf6 5. Nc3 d6 6. Bg5 e6 7. Qd2 a6 8.
O-O-O Bd7 9. f4 Be7 10. Kb1 b5 11. Nxc6 Bxc6 12. Bxf6 Bxf6 13. Qxd6 Qxd6 14.
Rxd6 Rc8 15. e5 Be7 16. Rd2 Bb4 17. Bd3 Bd5 18. Rhd1 Bxc3 19. bxc3 O-O 20. Kb2
Rc5 21. Re1 Rfc8 22. Re3 g6 23. Bf1 a5 24. a3 Rb8 25. Rd4 Kg7 26. g3 h6 27. Bd3
Rbc8 28. Be4 Bxe4 29. Rdxe4 g5 30. Rd4 Kg6 31. Rd7 gxf4 32. gxf4 R8c7 33. Rd4
R5c6 34. Rh3 Rc8 35. Rf3 Kf5 36. Rh3 Rh8 37. Rd7 Rh7 38. Rb7 Rc5 39. Rf3 Ke4
40. Rf1 Kf5 41. Rb8 a4 42. Rb7 Rg7 43. Rf3 h5 44. Rb8 Rg4 45. Rf8 Ke4 46. Rh3
Rxf4 47. Rxh5 Rf3 48. Rg8 f5 49. Rg1 Rfxc3 50. h4 Rxc2+ 51. Kb1 f4 52. Rh6 f3
53. Rf6 f2 54. Rf1 Ke3 55. h5 Re2 0-1

[Event "Nordic Ch 8.Vesterhav"]
[Site "Esbjerg"]
[Date "1983.07.24"]
[Round "6"]
[White "Agdestein, Simen"]
[Black "Forintos, Gyozo"]
[Result "0-1"]
[WhiteElo "2400"]
[BlackElo "2450"]
[PlyCount "144"]
[EventDate "1983.??.??"]
[EventCountry "DEN"]

1. d4 Nf6 2. c4 e6 3. Nf3 c5 4. d5 exd5 5. cxd5 d6 6. Nc3 Qa5 7. g3 b5 8. Bg2
b4 9. Nb1 Bb7 10. O-O Be7 11. Nh4 Qc7 12. e4 O-O 13. Nf5 Rd8 14. Nd2 Bf8 15.
Nc4 Nbd7 16. b3 Ba6 17. f4 Bxc4 18. bxc4 g6 19. Nh4 Nb6 20. Qc2 Ng4 21. Rb1 Bg7
22. Rb3 a5 23. h3 Nh6 24. f5 a4 25. Rbf3 Nd7 26. f6 Bf8 27. g4 Kh8 28. Rg3 Ng8
29. g5 Qb7 30. Nf3 Rdb8 31. Bb2 b3 32. axb3 Qxb3 33. Ne5 Nxe5 34. Rxb3 axb3 35.
Qe2 Ra2 36. Rc1 Rxb2 37. Qxb2 Nd3 38. Qb1 Nxc1 39. Qxc1 b2 40. Qb1 Nxf6 41.
gxf6 Bh6 42. e5 Be3+ 43. Kf1 Bd4 44. exd6 Rd8 45. Be4 Rxd6 46. Qa2 Rxf6+ 47.
Ke2 Kg7 48. Qb3 Rf4 49. Bb1 Rf2+ 50. Ke1 Rg2 51. Qd3 f5 52. Ba2 Kf6 53. Kd1 Ke5
54. Qf3 Rg1+ 55. Kc2 Rc1+ 56. Kd2 b1=Q 57. Bxb1 Rxb1 58. Qg3+ f4 59. Qg5+ Ke4
60. Qe7+ Be5 61. Qxc5 Rb2+ 62. Kc1 f3 63. d6 f2 64. Qd5+ Kf4 65. Qd3 Rb3 66.
Qf1 Kg3 67. d7 Bc7 68. Kd2 Rf3 69. c5 Rf5 70. Ke2 Re5+ 71. Kd2 Ba5+ 72. Kc2
Rxc5+ 0-1

[Event "Nordic Ch 8.Vesterhav"]
[Site "Esbjerg"]
[Date "1983.07.24"]
[Round "6"]
[White "Schneider, Lars Ake"]
[Black "Hansson, Dan"]
[Result "1-0"]
[WhiteElo "2445"]
[BlackElo "2320"]
[PlyCount "77"]
[EventDate "1983.??.??"]
[EventCountry "DEN"]

1. e4 e5 2. Nf3 Nc6 3. c3 Nf6 4. d4 d6 5. Bb5 Bd7 6. O-O Be7 7. Re1 O-O 8. d5
Nb8 9. c4 Ne8 10. Nc3 g6 11. c5 Ng7 12. Qb3 Bg4 13. Be2 Nd7 14. cxd6 cxd6 15.
Qxb7 Nc5 16. Qb5 Rb8 17. Qc4 Qa5 18. Bd1 Bxf3 19. Bxf3 Rfc8 20. Rb1 Rb4 21. Qe2
f5 22. Bd2 Qd8 23. Nb5 Ra4 24. b4 Nxe4 25. Bxe4 fxe4 26. Be3 Qd7 27. a3 a6 28.
Na7 Rc3 29. Nc6 Nf5 30. Bc1 Bd8 31. Bb2 Raxa3 32. Qxe4 Bb6 33. Bxa3 Rxa3 34.
Ra1 Rb3 35. Qc2 Rf3 36. gxf3 Nh4 37. Re4 Nxf3+ 38. Kg2 Ng5 39. Ra3 1-0

[Event "Nordic Ch 8.Vesterhav"]
[Site "Esbjerg"]
[Date "1983.07.24"]
[Round "6"]
[White "Tiller, Bjorn"]
[Black "Ziska, Andrias"]
[Result "1-0"]
[WhiteElo "2430"]
[BlackElo "2200"]
[PlyCount "51"]
[EventDate "1983.??.??"]
[EventCountry "DEN"]

1. c4 c5 2. Nf3 g6 3. e4 Bg7 4. d4 Nc6 5. d5 Nd4 6. Nxd4 cxd4 7. Bd3 d6 8. O-O
Nf6 9. b4 a5 10. Bb2 Qb6 11. a3 Nd7 12. Qb3 O-O 13. Nd2 Kh8 14. f4 e5 15. g3 f5
16. Rae1 Bh6 17. exf5 gxf5 18. c5 dxc5 19. Nc4 Qa7 20. Nxe5 Nxe5 21. fxe5 b6
22. e6 f4 23. e7 Re8 24. d6 Bh3 25. Qf7 Bg7 26. Qh5 1-0

[Event "Nordic Ch 8.Vesterhav"]
[Site "Esbjerg"]
[Date "1983.07.24"]
[Round "6"]
[White "Wedberg, Tom"]
[Black "Hansen, Curt"]
[Result "0-1"]
[WhiteElo "2495"]
[BlackElo "2450"]
[PlyCount "104"]
[EventDate "1983.??.??"]
[EventCountry "DEN"]

1. e4 c6 2. d4 d5 3. Nd2 dxe4 4. Nxe4 Nd7 5. Bc4 Ngf6 6. Ng5 e6 7. Qe2 Nb6 8.
Bd3 h6 9. N5f3 c5 10. Be3 Qc7 11. Ne5 a6 12. Ngf3 Bd6 13. O-O Nbd5 14. c3 O-O
15. Rac1 b6 16. Bb1 Bb7 17. Bd2 Rfd8 18. Rfe1 cxd4 19. cxd4 Qe7 20. a3 Rac8 21.
Rxc8 Rxc8 22. Qd3 Qc7 23. g4 Rd8 24. h4 Bxe5 25. Nxe5 Ne7 26. Bf4 Nc6 27. Rc1
Nxe5 28. Rxc7 Nxd3 29. Bxd3 Bf3 30. Be3 e5 31. g5 exd4 32. Bd2 Ne4 33. Bxe4
Bxe4 34. gxh6 gxh6 35. Bxh6 d3 36. Bd2 Re8 37. Rc1 Re6 38. f3 Bxf3 39. Re1 Be2
40. Kf2 Kh7 41. Rg1 Re4 42. Rh1 Bh5 43. Rh2 f5 44. Kg3 Kg6 45. Rf2 Rg4+ 46. Kh3
Rc4 47. Rg2+ Kf7 48. Kg3 Be2 49. Kf2 Rc2 50. Bc3 Bg4+ 51. Kg1 Rc1+ 52. Kh2 Rxc3
0-1

[Event "Nordic Ch 8.Vesterhav"]
[Site "Esbjerg"]
[Date "1983.07.24"]
[Round "6"]
[White "Westerinen, Heikki"]
[Black "Jakobsen, Ole"]
[Result "1/2-1/2"]
[WhiteElo "2385"]
[BlackElo "2440"]
[PlyCount "66"]
[EventDate "1983.??.??"]
[EventCountry "DEN"]

1. e4 c5 2. f4 g6 3. d4 Bg7 4. d5 a6 5. d6 exd6 6. Qxd6 Qe7 7. Qxe7+ Nxe7 8.
Nc3 d6 9. Be3 Nbc6 10. O-O-O Bd4 11. Bxd4 Nxd4 12. h3 Be6 13. Nge2 Nec6 14.
Nxd4 Nxd4 15. Bd3 O-O-O 16. Rhf1 f5 17. Rfe1 Rhf8 18. e5 Kb8 19. Bf1 b5 20.
exd6 Rxd6 21. Re5 Rfd8 22. Rde1 c4 23. a3 Kc7 24. g3 Bc8 25. Re7+ R8d7 26. Bg2
Bb7 27. Bxb7 Kxb7 28. Rxd7+ Rxd7 29. Re3 a5 30. Ne2 Nxe2+ 31. Rxe2 Kc6 32. Re6+
Kc5 33. Re5+ Kb6 1/2-1/2

[Event "Nordic Ch 8.Vesterhav"]
[Site "Esbjerg"]
[Date "1983.07.25"]
[Round "7"]
[White "Forintos, Gyozo"]
[Black "Raaste, Eero J"]
[Result "1-0"]
[WhiteElo "2450"]
[BlackElo "2375"]
[PlyCount "63"]
[EventDate "1983.??.??"]
[EventCountry "DEN"]

1. c4 c5 2. Nf3 e6 3. g3 Nf6 4. Bg2 Nc6 5. O-O d5 6. cxd5 exd5 7. d4 Be7 8. Nc3
O-O 9. dxc5 Bxc5 10. Na4 Be7 11. Be3 Ne4 12. Rc1 Bf6 13. Nd4 Qa5 14. Nxc6 bxc6
15. Bxe4 dxe4 16. Rc5 Qa6 17. Qc2 Bg4 18. Re1 Rfe8 19. b4 h5 20. Rc4 Be7 21.
Nc5 Bxc5 22. Rxc5 Qb7 23. Qc3 f6 24. Rxc6 Rac8 25. Rxc8 Rxc8 26. Qb3+ Kh8 27.
b5 Qc7 28. Qb4 Qc2 29. Bxa7 Qxa2 30. b6 Re8 31. Qb5 Re5 32. Qb1 1-0

[Event "Nordic Ch 8.Vesterhav"]
[Site "Esbjerg"]
[Date "1983.07.25"]
[Round "7"]
[White "Hansen, Curt"]
[Black "Agdestein, Simen"]
[Result "1-0"]
[WhiteElo "2450"]
[BlackElo "2400"]
[PlyCount "81"]
[EventDate "1983.??.??"]
[EventCountry "DEN"]

1. c4 Nf6 2. Nc3 d5 3. cxd5 Nxd5 4. Nf3 g6 5. Qa4+ Bd7 6. Qh4 Bc6 7. Qd4 f6 8.
e4 Nxc3 9. bxc3 e5 10. Qe3 Bd6 11. d4 Qe7 12. Bd3 Ba4 13. O-O Nd7 14. Nd2 Nb6
15. Nc4 O-O-O 16. Nxd6+ Qxd6 17. Bb2 g5 18. Rac1 Kb8 19. d5 c5 20. Ba3 Rc8 21.
Rb1 Ka8 22. c4 Bd7 23. Be2 h5 24. Bc1 Rc7 25. Bd2 Nc8 26. Qa3 Be8 27. Rb2 Rhh7
28. Rfb1 Kb8 29. Bd3 Qe7 30. Be3 Qd6 31. Bd2 Qe7 32. Be3 Qd6 33. Qa5 g4 34. Rb3
Ka8 35. Qa3 Bd7 36. Bxc5 Rxc5 37. Rxb7 a5 38. Rb8+ Ka7 39. R1b7+ Ka6 40. Qb2
Qxb8 41. Rxb8 1-0

[Event "Nordic Ch 8.Vesterhav"]
[Site "Esbjerg"]
[Date "1983.07.25"]
[Round "7"]
[White "Hansson, Dan"]
[Black "Tiller, Bjorn"]
[Result "0-1"]
[WhiteElo "2320"]
[BlackElo "2430"]
[PlyCount "86"]
[EventDate "1983.??.??"]
[EventCountry "DEN"]

1. e4 e6 2. d4 d5 3. e5 c5 4. c3 Nc6 5. Nf3 Qb6 6. Be2 cxd4 7. cxd4 Nh6 8. Nc3
Nf5 9. Kf1 Bd7 10. Na4 Qd8 11. h4 f6 12. exf6 Qxf6 13. Bg5 Qf7 14. g4 Nd6 15.
Nc5 Ne4 16. Nxd7 Qxd7 17. Be3 Bd6 18. Kg2 O-O 19. Nd2 Bf4 20. Nxe4 dxe4 21. Qa4
Rf7 22. Rad1 Raf8 23. Rhf1 Qe7 24. Qc2 Bxe3 25. fxe3 Qxh4 26. Rxf7 Rxf7 27. Rf1
Rxf1 28. Kxf1 Qh1+ 29. Kf2 Kf7 30. Qb3 Qh4+ 31. Kg2 Qe1 32. Qxb7+ Ne7 33. Qb5
a6 34. Qh5+ Kf8 35. Bc4 Qd2+ 36. Kh3 Qxe3+ 37. Kh2 Qxd4 38. b3 Ng6 39. Qg5 e3
40. Kg3 a5 41. Qxa5 Qf4+ 42. Kh3 Qf3+ 43. Kh2 Qf2+ 0-1

[Event "Nordic Ch 8.Vesterhav"]
[Site "Esbjerg"]
[Date "1983.07.25"]
[Round "7"]
[White "Jakobsen, Ole"]
[Black "Wedberg, Tom"]
[Result "0-1"]
[WhiteElo "2440"]
[BlackElo "2495"]
[PlyCount "84"]
[EventDate "1983.??.??"]
[EventCountry "DEN"]

1. c4 c5 2. Nf3 Nc6 3. Nc3 e5 4. e3 Nf6 5. a3 d5 6. cxd5 Nxd5 7. Qa4 Nxc3 8.
bxc3 Bd6 9. e4 O-O 10. d3 Bd7 11. Qc2 Rc8 12. Be2 c4 13. dxc4 Na5 14. O-O Nxc4
15. Rd1 Qe7 16. a4 Rfd8 17. Qa2 Be6 18. Ng5 Ne3 19. Nxe6 Nxd1 20. Nxd8 Nxc3 21.
Bg5 Nxa2 22. Bxe7 Bxe7 23. Nxf7 Nc3 24. Bg4 Rc5 25. Be6 Kf8 26. f3 Ne2+ 27. Kf1
Nf4 28. Bb3 b6 29. g3 Nd3 30. h4 Rc3 31. Bd5 Rc2 32. Rd1 Rf2+ 33. Kg1 Bc5 34.
Kh1 Rxf3 35. Ng5 Nf2+ 36. Kg2 Rxg3+ 37. Kxg3 Nxd1 38. Ne6+ Ke7 39. Nxg7 Nc3 40.
Kf3 Nxa4 41. Nf5+ Kf6 42. Bg8 Kg6 0-1

[Event "Nordic Ch 8.Vesterhav"]
[Site "Esbjerg"]
[Date "1983.07.25"]
[Round "7"]
[White "Sigurjonsson, Gudmundur"]
[Black "Schneider, Lars Ake"]
[Result "1-0"]
[WhiteElo "2460"]
[BlackElo "2445"]
[PlyCount "81"]
[EventDate "1983.??.??"]
[EventCountry "DEN"]

1. e4 c5 2. Nf3 Nc6 3. d4 cxd4 4. Nxd4 Nf6 5. Nc3 d6 6. Bc4 e6 7. Bb3 a6 8. f4
Be7 9. Be3 O-O 10. Qe2 Nxd4 11. Bxd4 b5 12. O-O-O b4 13. Na4 e5 14. Bxe5 Bg4
15. Qc4 Rc8 16. Qxa6 Bxd1 17. Rxd1 Nxe4 18. Qb7 Qc7 19. Qxe4 dxe5 20. fxe5 Rcd8
21. Rf1 Kh8 22. c3 f6 23. Bc2 f5 24. Rxf5 Rxf5 25. Qxf5 g6 26. Qe4 Qa7 27. Qe1
Bg5+ 28. Kb1 Rd2 29. cxb4 Qd4 30. a3 Rxg2 31. Qc3 Qg1+ 32. Ka2 Qxh2 33. e6+ Kg8
34. e7 Kf7 35. Be4 Re2 36. Bd3 Rxe7 37. Bc4+ Ke8 38. Qh8+ Kd7 39. Nc5+ Kc7 40.
Na6+ Kb6 41. Qd4+ 1-0

[Event "Nordic Ch 8.Vesterhav"]
[Site "Esbjerg"]
[Date "1983.07.25"]
[Round "7"]
[White "Ziska, Andrias"]
[Black "Westerinen, Heikki"]
[Result "0-1"]
[WhiteElo "2200"]
[BlackElo "2385"]
[PlyCount "60"]
[EventDate "1983.??.??"]
[EventCountry "DEN"]

1. e4 e5 2. Nf3 Nc6 3. Bb5 a6 4. Ba4 Nf6 5. O-O Be7 6. Re1 b5 7. Bb3 O-O 8. d4
d6 9. c3 Bg4 10. d5 Na5 11. h3 Nxb3 12. axb3 Bd7 13. Nbd2 c6 14. c4 Qc7 15. Nf1
Rfb8 16. Ng3 Bd8 17. Nxe5 dxe5 18. d6 Qa7 19. Nf5 bxc4 20. bxc4 Bxf5 21. exf5
Bb6 22. Qf3 Bd4 23. Re2 Qc5 24. g4 Qxd6 25. Rb1 e4 26. Qg2 Rb3 27. Kh1 Re8 28.
g5 Nd7 29. Be3 Bxe3 30. fxe3 Qd3 0-1

[Event "Nordic Ch 8.Vesterhav"]
[Site "Esbjerg"]
[Date "1983.07.26"]
[Round "8"]
[White "Schneider, Lars Ake"]
[Black "Forintos, Gyozo"]
[Result "1-0"]
[WhiteElo "2445"]
[BlackElo "2450"]
[PlyCount "139"]
[EventDate "1983.??.??"]
[EventCountry "DEN"]

1. e4 c5 2. Nf3 e6 3. d4 cxd4 4. Nxd4 a6 5. Nc3 b5 6. Be2 Bb7 7. Bf3 Qc7 8. O-O
b4 9. Na4 Bd6 10. g3 Ne7 11. Re1 Nbc6 12. Nb3 O-O 13. Bg2 e5 14. Be3 Nd8 15.
Nb6 Rb8 16. Qd3 Nc8 17. Nd5 Bxd5 18. exd5 f5 19. Qxa6 f4 20. Bd2 Nb6 21. Qe2
Nf7 22. c3 bxc3 23. Bxc3 Na4 24. Ba5 Qa7 25. gxf4 exf4 26. Qe4 Nxb2 27. Bc3 Na4
28. Bd4 Qc7 29. Bf1 Qd8 30. Qg2 Qg5 31. Rac1 Qh6 32. f3 Nb6 33. Nc5 Ng5 34. Kh1
Rf5 35. Na6 Rb7 36. Rb1 Bf8 37. Qg4 Rf7 38. Bxb6 Rxb6 39. Rxb6 Qxb6 40. Qxg5
Qf2 41. Rb1 Qxf3+ 42. Qg2 Qh5 43. Qe4 Rf6 44. Nb4 Bd6 45. Nd3 f3 46. h3 Qg5 47.
Rc1 Rf8 48. Rc2 h5 49. a4 Qg3 50. a5 Bb8 51. Qe3 Qd6 52. Qg5 Qa3 53. Qxh5 Qxa5
54. Rf2 Qc7 55. Qg4 Qd6 56. Ne1 Rf4 57. Qh5 g6 58. Qh6 Rf5 59. Qe3 Qxd5 60.
Qe8+ Rf8 61. Qxg6+ Kh8 62. Bd3 Rf7 63. Nxf3 Rg7 64. Qe8+ Rg8 65. Qe3 Rg3 66.
Qh6+ Kg8 67. Qh7+ Kf8 68. Be4 Qf7 69. Qh8+ Rg8 70. Qh6+ 1-0

[Event "Nordic Ch 8.Vesterhav"]
[Site "Esbjerg"]
[Date "1983.07.26"]
[Round "8"]
[White "Tiller, Bjorn"]
[Black "Sigurjonsson, Gudmundur"]
[Result "1/2-1/2"]
[WhiteElo "2430"]
[BlackElo "2460"]
[PlyCount "82"]
[EventDate "1983.??.??"]
[EventCountry "DEN"]

1. c4 e5 2. Nc3 Nc6 3. Nf3 f5 4. d4 e4 5. Ng1 Bb4 6. e3 Bxc3+ 7. bxc3 Nf6 8.
Ne2 d6 9. Nf4 Ne7 10. Qb3 c6 11. Ba3 g5 12. Ne2 Ng6 13. Qb4 Ke7 14. f3 Re8 15.
Ng3 exf3 16. gxf3 Kf7 17. O-O-O Rxe3 18. Bd3 c5 19. Qb1 Nf4 20. Bb2 Qa5 21. h4
g4 22. Rhf1 gxf3 23. Rd2 cxd4 24. cxd4 f2 25. Bxf5 Rxg3 26. d5 Qc5 27. Rdxf2
Qxf2 28. Rxf2 Rg1+ 29. Kd2 Rxb1 30. Bxb1 N4h5 31. Bxh7 Bg4 32. Ba3 Ke7 33. Bf5
Rg8 34. c5 Bxf5 35. cxd6+ Kd7 36. Rxf5 Rg2+ 37. Kc1 Rxa2 38. Bb2 Ne4 39. Rxh5
Kxd6 40. Rf5 Ra5 41. Be5+ Ke7 1/2-1/2

[Event "Nordic Ch 8.Vesterhav"]
[Site "Esbjerg"]
[Date "1983.07.26"]
[Round "8"]
[White "Agdestein, Simen"]
[Black "Jakobsen, Ole"]
[Result "1-0"]
[WhiteElo "2400"]
[BlackElo "2440"]
[PlyCount "81"]
[EventDate "1983.??.??"]
[EventCountry "DEN"]

1. d4 Nf6 2. c4 e6 3. Nf3 c5 4. d5 exd5 5. cxd5 d6 6. Nc3 g6 7. Bg5 Bg7 8. Nd2
h6 9. Bh4 g5 10. Bg3 Nh5 11. e3 Nxg3 12. hxg3 a6 13. a4 Nd7 14. Nc4 Ne5 15. Qd2
b6 16. Ra3 Nxc4 17. Bxc4 h5 18. Ne2 Bd7 19. Qd3 Bxb2 20. Ra2 Be5 21. Bxa6 Kf8
22. Bb5 Bxb5 23. Qxb5 Kg7 24. Qc4 Qd7 25. O-O b5 26. axb5 Rxa2 27. Qxa2 Qxb5
28. f4 gxf4 29. gxf4 Bf6 30. Ng3 Qd3 31. Qb1 Qxe3+ 32. Kh2 Qe8 33. Nf5+ Kg8 34.
Rf3 h4 35. Nxd6 Qd7 36. Ne4 Bd4 37. d6 Kg7 38. f5 Rh5 39. f6+ Kg8 40. Qb8+ Kh7
41. Qf8 1-0

[Event "Nordic Ch 8.Vesterhav"]
[Site "Esbjerg"]
[Date "1983.07.26"]
[Round "8"]
[White "Ziska, Andrias"]
[Black "Hansson, Dan"]
[Result "0-1"]
[WhiteElo "2200"]
[BlackElo "2320"]
[PlyCount "69"]
[EventDate "1983.??.??"]
[EventCountry "DEN"]

1. e4 e5 2. Nf3 Nc6 3. Bb5 a6 4. Ba4 d6 5. d4 b5 6. Bb3 Nxd4 7. Nxd4 exd4 8. c3
Bb7 9. Qxd4 Nf6 10. O-O Be7 11. Nd2 O-O 12. Bc2 Re8 13. Re1 Nd7 14. Nf1 Bf6 15.
Qd1 Nc5 16. f3 Qd7 17. Be3 Ne6 18. Qd2 Rad8 19. Rad1 Qc8 20. Bb3 Bh4 21. g3 Be7
22. Qf2 Ng5 23. Bxg5 Bxg5 24. f4 Be7 25. Ne3 Bxe4 26. Nd5 Bf8 27. Qd4 c5 28.
Qf2 c4 29. Bc2 Bxc2 30. Qxc2 Qc5+ 31. Qf2 Rxe1+ 32. Rxe1 Qxd5 33. Qb6 Qc5+ 34.
Qxc5 dxc5 35. Re2 0-1

[Event "Nordic Ch 8.Vesterhav"]
[Site "Esbjerg"]
[Date "1983.07.28"]
[Round "9"]
[White "Hansen, Curt"]
[Black "Schneider, Lars Ake"]
[Result "1/2-1/2"]
[WhiteElo "2450"]
[BlackElo "2445"]
[PlyCount "98"]
[EventDate "1983.??.??"]
[EventCountry "DEN"]

1. c4 c5 2. Nf3 Nc6 3. Nc3 e6 4. g3 b6 5. d4 cxd4 6. Nxd4 Nxd4 7. Qxd4 Bb7 8.
e4 Nf6 9. Bg2 Bc5 10. Qd1 O-O 11. a3 Rc8 12. O-O e5 13. Bg5 h6 14. Bxf6 Qxf6
15. Qxd7 Ba6 16. Nd5 Qe6 17. Bh3 Qxd7 18. Bxd7 Rcd8 19. Bb5 Bxb5 20. cxb5 f5
21. Rae1 fxe4 22. Nc3 e3 23. fxe3 Rxf1+ 24. Kxf1 Rd2 25. b4 Be7 26. h4 Rd3 27.
Rc1 Kf7 28. Ke2 e4 29. a4 Ke6 30. Nxe4 Ra3 31. a5 bxa5 32. bxa5 Rxa5 33. Rc7
Rxb5 34. Rxa7 Re5 35. Ra6+ Kf7 36. Nf2 Bc5 37. Ng4 Re7 38. h5 Ba7 39. Ne5+ Rxe5
40. Rxa7+ Kf6 41. g4 Re6 42. Kf3 Rb6 43. Kf4 g6 44. Rh7 Rb4+ 45. Kf3 Kg5 46.
Rg7 Rxg4 47. Rxg6+ Kxh5 48. Rxh6+ Kxh6 49. Kxg4 Kg6 1/2-1/2

[Event "Nordic Ch 8.Vesterhav"]
[Site "Esbjerg"]
[Date "1983.07.28"]
[Round "9"]
[White "Hansson, Dan"]
[Black "Westerinen, Heikki"]
[Result "0-1"]
[WhiteElo "2320"]
[BlackElo "2385"]
[PlyCount "80"]
[EventDate "1983.??.??"]
[EventCountry "DEN"]

1. e4 e5 2. Nf3 Nc6 3. Bb5 a6 4. Ba4 Nf6 5. O-O Be7 6. Re1 b5 7. Bb3 O-O 8. c3
d5 9. exd5 Nxd5 10. Nxe5 Nxe5 11. Rxe5 Nf6 12. d4 Bd6 13. Re1 Ng4 14. h3 Qh4
15. Qf3 Nxf2 16. Bd2 Bb7 17. Qxb7 Nd3 18. Re2 Qg3 19. Kf1 Nf4 20. Bxf4 Qxf4+
21. Qf3 Qc1+ 22. Kf2 Bh2 23. Re1 Qxb2+ 24. Qe2 Qxa1 25. g3 c5 26. dxc5 b4 27.
cxb4 Qd4+ 28. Kg2 Bxg3 29. Kxg3 Qxb4 30. Qe7 Ra7 31. Re4 Qb8+ 32. Qe5 Rc7 33.
Rg4 g6 34. Kg2 Re8 35. Qd6 Qb7+ 36. Kg3 Rd7 37. Qf6 Qc7+ 38. Rf4 Re4 39. Nc3
Rxf4 40. Qxf4 Rd3+ 0-1

[Event "Nordic Ch 8.Vesterhav"]
[Site "Esbjerg"]
[Date "1983.07.28"]
[Round "9"]
[White "Jakobsen, Ole"]
[Black "Raaste, Eero J"]
[Result "1/2-1/2"]
[WhiteElo "2440"]
[BlackElo "2375"]
[PlyCount "160"]
[EventDate "1983.??.??"]
[EventCountry "DEN"]

1. c4 e6 2. Nc3 d5 3. d4 c5 4. e3 Nf6 5. Nf3 Nc6 6. a3 a6 7. Bd3 Be7 8. O-O O-O
9. b3 b6 10. Bb2 cxd4 11. exd4 Bb7 12. Re1 Rc8 13. cxd5 Nxd5 14. Nxd5 Qxd5 15.
Be4 Qh5 16. Qe2 Rfd8 17. Rad1 b5 18. Qd2 b4 19. a4 Na5 20. Bxb7 Nxb7 21. Qd3
Nc5 22. Qe3 Qd5 23. dxc5 Qxd1 24. Rxd1 Rxd1+ 25. Ne1 Rb1 26. Qe2 Rxc5 27. g3
Rd5 28. Kg2 h5 29. Nf3 a5 30. h4 Bf6 31. Bxf6 gxf6 32. Qc2 Rbd1 33. Qc4 R1d3
34. g4 Rc3 35. Qf4 hxg4 36. Qxg4+ Kf8 37. Qe4 Rxb3 38. Nd4 Rc3 39. Nb5 Rcc5 40.
Qf4 b3 41. Qb8+ Kg7 42. Nc7 Rxc7 43. Qxc7 b2 44. Qb6 Rd4 45. Qxb2 Rxh4 46. Qb5
Rg4+ 47. Kf3 Rg5 48. Qb6 Re5 49. Qb8 Re1 50. Qd8 Re5 51. Qa8 Rh5 52. Ke3 Rf5
53. f3 Rh5 54. Kd3 Rc5 55. Kd4 Rf5 56. Kc4 Rg5 57. Qe8 Rf5 58. Qa8 Re5 59. Qb8
Rf5 60. Qb1 Rg5 61. f4 Rd5 62. Qe4 Kh6 63. Qg2 Kh7 64. Qg4 Kh8 65. Qh3+ Kg8 66.
Qh6 Rf5 67. Kb3 Rd5 68. Qxf6 Kf8 69. Kc4 Ke8 70. Qb2 Ke7 71. Qb7+ Kf6 72. Qc7
Kg6 73. Qe7 Kg7 74. Qh4 Kf8 75. Qh1 Ke7 76. Qh8 Rf5 77. Qh4+ Ke8 78. Qg4 Rd5
79. Qg7 Ke7 80. Kc3 Rc5+ 1/2-1/2

[Event "Nordic Ch 8.Vesterhav"]
[Site "Esbjerg"]
[Date "1983.07.28"]
[Round "9"]
[White "Sigurjonsson, Gudmundur"]
[Black "Ziska, Andrias"]
[Result "1-0"]
[WhiteElo "2460"]
[BlackElo "2200"]
[PlyCount "69"]
[EventDate "1983.??.??"]
[EventCountry "DEN"]

1. Nf3 Nf6 2. g3 g6 3. Bg2 Bg7 4. O-O O-O 5. c4 d6 6. d4 Nbd7 7. Nc3 c6 8. e4
e5 9. b3 Re8 10. Re1 a5 11. h3 exd4 12. Nxd4 Nc5 13. Bf4 Nh5 14. Be3 Be5 15.
Qd2 Qe7 16. Rad1 Bh8 17. Nde2 Nf6 18. Qxd6 Qxd6 19. Rxd6 Na6 20. Red1 Be6 21.
e5 Nh5 22. f4 Ng7 23. g4 h5 24. Ne4 hxg4 25. Nf6+ Kf8 26. hxg4 Reb8 27. R6d2
Ke7 28. Bb6 Ne8 29. g5 a4 30. Nd4 Bc8 31. b4 Bxf6 32. gxf6+ Kf8 33. Bf3 Kg8 34.
Rh2 Nxb4 35. Kg2 1-0

[Event "Nordic Ch 8.Vesterhav"]
[Site "Esbjerg"]
[Date "1983.07.28"]
[Round "9"]
[White "Wedberg, Tom"]
[Black "Agdestein, Simen"]
[Result "1/2-1/2"]
[WhiteElo "2495"]
[BlackElo "2400"]
[PlyCount "71"]
[EventDate "1983.??.??"]
[EventCountry "DEN"]

1. e4 d6 2. d4 Nf6 3. Nc3 g6 4. f4 Bg7 5. Nf3 O-O 6. Bd3 Na6 7. O-O c5 8. d5
Rb8 9. Kh1 Nc7 10. a4 b6 11. Qe1 a6 12. Qh4 b5 13. f5 gxf5 14. Bh6 Bxh6 15.
Qxh6 Ng4 16. Qh5 f6 17. exf5 Ne5 18. axb5 axb5 19. Be4 Bb7 20. Rad1 Qe8 21. Qh6
Nc4 22. Rd3 Rf7 23. Nh4 Ne5 24. Rg3+ Kh8 25. Ng6+ Nxg6 26. fxg6 Rg7 27. gxh7
Rxg3 28. hxg3 Qf7 29. Rd1 f5 30. Rf1 Qxh7 31. Qxh7+ Kxh7 32. Rxf5 Kg7 33. Rg5+
Kf6 34. Rf5+ Kg7 35. Rg5+ Kf6 36. Rf5+ 1/2-1/2

[Event "Nordic Ch 8.Vesterhav"]
[Site "Esbjerg"]
[Date "1983.07.29"]
[Round "10"]
[White "Hansson, Dan"]
[Black "Sigurjonsson, Gudmundur"]
[Result "0-1"]
[WhiteElo "2320"]
[BlackElo "2460"]
[PlyCount "60"]
[EventDate "1983.??.??"]
[EventCountry "DEN"]

1. e4 c5 2. Nf3 d6 3. d4 cxd4 4. Nxd4 Nf6 5. Nc3 a6 6. Bg5 e6 7. f4 Qb6 8. Qd2
Qxb2 9. Nb3 Nc6 10. Bd3 Be7 11. O-O Qa3 12. Rae1 h6 13. Bh4 g5 14. fxg5 Ng4 15.
Qf4 Nce5 16. h3 Qb4 17. Nd1 Qb6+ 18. Ne3 Nxe3 19. Rxe3 hxg5 20. Bxg5 f6 21.
Bxf6 Bxf6 22. Kh1 Be7 23. Rg3 Rf8 24. Qxf8+ Bxf8 25. Rg8 Nf7 26. e5 Bd7 27. Nd2
d5 28. Bg6 O-O-O 29. Rxf7 Bh6 30. Rxd8+ Kxd8 0-1

[Event "Nordic Ch 8.Vesterhav"]
[Site "Esbjerg"]
[Date "1983.07.29"]
[Round "10"]
[White "Raaste, Eero J"]
[Black "Wedberg, Tom"]
[Result "0-1"]
[WhiteElo "2375"]
[BlackElo "2495"]
[PlyCount "70"]
[EventDate "1983.??.??"]
[EventCountry "DEN"]

1. Nf3 Nf6 2. c4 g6 3. b4 Bg7 4. Bb2 O-O 5. g3 c6 6. Bg2 d6 7. O-O Nbd7 8. Nc3
e5 9. d3 Re8 10. Nd2 Nf8 11. a4 d5 12. a5 Rb8 13. cxd5 cxd5 14. b5 Bf5 15. Qb3
Be6 16. Qb4 N8d7 17. d4 e4 18. e3 h5 19. a6 b6 20. Qb3 h4 21. Na2 Nh7 22. Nb4
Qg5 23. Nc6 Ra8 24. Ba3 Qh5 25. Qd1 Bg4 26. f3 exf3 27. Bxf3 hxg3 28. hxg3 Rxe3
29. Bd6 Ndf6 30. Ra3 Bh6 31. Re1 Rxa3 32. Bxa3 Ng5 33. Bxg4 Nxg4 34. Qe2 Nh3+
35. Kf1 Ne3+ 0-1

[Event "Nordic Ch 8.Vesterhav"]
[Site "Esbjerg"]
[Date "1983.07.29"]
[Round "10"]
[White "Schneider, Lars Ake"]
[Black "Jakobsen, Ole"]
[Result "1-0"]
[WhiteElo "2445"]
[BlackElo "2440"]
[PlyCount "179"]
[EventDate "1983.??.??"]
[EventCountry "DEN"]

1. e4 c5 2. Nf3 d6 3. d4 cxd4 4. Nxd4 Nf6 5. Nc3 a6 6. f4 e5 7. Nf3 Qc7 8. Bd3
Nbd7 9. O-O b5 10. Qe1 Bb7 11. Kh1 g6 12. fxe5 dxe5 13. Qh4 h6 14. Bd2 Be7 15.
Qe1 Kf8 16. a4 b4 17. Nd5 Bxd5 18. exd5 Kg7 19. c4 a5 20. Nh4 Rag8 21. Qg3 Kf8
22. Rac1 Bc5 23. Be3 Rh7 24. Rc2 Ke7 25. Re2 Kd8 26. Bxc5 Qxc5 27. Nf3 e4 28.
Bxe4 Qxc4 29. Rfe1 Re8 30. Nd2 Qd4 31. Nb3 Qb6 32. Qd3 Ng4 33. Nd4 Nc5 34. Nc6+
Qxc6 35. dxc6+ Nxd3 36. Bxd3 Rxe2 37. Bxe2 f5 38. Bb5 Kc7 39. Re6 Rg7 40. h3
Nf2+ 41. Kg1 Ne4 42. Re8 Kb6 43. Ra8 Nd6 44. Ra6+ Kc5 45. Rxa5 b3 46. Be2+ Kxc6
47. Bf3+ Ne4 48. Rb5 Ra7 49. Bxe4+ fxe4 50. Rb4 Kc5 51. Rxe4 Rd7 52. Kf2 Rd2+
53. Re2 Rd1 54. Kf3 Kc4 55. Ke4 Ra1 56. Rd2 Re1+ 57. Kf3 Rf1+ 58. Ke3 Re1+ 59.
Re2 Ra1 60. Kd2 Rb1 61. Re4+ Kd5 62. Rg4 Rxb2+ 63. Kc3 Rc2+ 64. Kxb3 Rc6 65. a5
g5 66. Ra4 Ra6 67. Kb4 Kc6 68. Ra2 Kb7 69. Kc5 Ka7 70. Kd5 Rf6 71. a6 h5 72.
Ra3 g4 73. hxg4 hxg4 74. Ra4 Rf2 75. g3 Rf5+ 76. Ke6 Rf3 77. Rxg4 Kxa6 78. Rg7
Kb6 79. g4 Kc6 80. g5 Re3+ 81. Kf6 Kd6 82. Rf7 Rf3+ 83. Kg7 Rg3 84. g6 Ke6 85.
Rf1 Rg2 86. Kh7 Ke7 87. g7 Rh2+ 88. Kg8 Ra2 89. Rh1 Rg2 90. Kh7 1-0